Countries That Use the Dollar - Statistics

General Stats
  • This quiz has been taken 936 times
  • The average score is 29 of 33
Answer Stats
ISO Code Countries % Correct
USD United States
99%
AUD Australia
96%
CAD Canada
96%
FJD Fiji
95%
NZD New Zealand
95%
GYD Guyana
92%
JMD Jamaica
92%
SRD Suriname
91%
BZD/USD Belize
90%
KID / AUD Kiribati
90%
TTD Trinidad
90%
BBD Barbados
89%
TVD / AUD Tuvalu
89%
BSD Bahamas
88%
XCD St Kitts
88%
XCD St Lucia
88%
XCD St Vincent
88%
XCD Dominica
87%
SBD Solomon Islands
87%
TWD Taiwan
87%
USD Marshall Islands
86%
XCD Antigua and Barbuda
85%
AUD Nauru
85%
USD Palau
85%
XCD Grenada
84%
USD Micronesia
84%
SGD Singapore
84%
USD Ecuador
81%
USD El Salvador
81%
BND Brunei
78%
LRD Liberia
75%
NAD Namibia
74%
USD East Timor
63%
No matching quizzes found
Score Distribution
Percent of People with Each Score
Percentile by Number Answered
Your Score History
You have not taken this quiz